00668nam a2200169 a 45000010005000000030005000050050017000100080041000270400020000682450114000882600112002023000011003144900034003256500032003596500055003916500052004465187CDMR20131121131711.0130130s1999||||||||||||||||||||||||||||d aCDMRbcatcCDMR 4aLos usuarios en la sociedad de la informacióncManuel Sánchez de Diego Fernández de la Riva... [et al.] aMadridc1999bCofederación Española de Organizaciones de Amas de Casa, Consumidores y Usuarios (CEACCU) a206 p.0 aEstudios y Documentaciónv704aSocietat de la informació04aTecnologia de la informacióxDret i legislació04aTecnologia de la informacióxAspectes socials